|
|
|
|
| LEADER |
00969nam a2200313 4500 |
| 001 |
DLU090093827 |
| 005 |
##20091201 |
| 040 |
# |
# |
|a DLU
|b eng
|
| 041 |
# |
# |
|a eng
|
| 044 |
# |
# |
|a us
|
| 100 |
# |
# |
|a Lenhart, John J.
|
| 245 |
# |
# |
|a Colloid mobilization in water-saturated porous media under transient chemical conditions /
|c John J. Lenhart, James E. Saiers.
|
| 653 |
# |
# |
|a Advection diffusion equation
|
| 653 |
# |
# |
|a Kinetics
|
| 653 |
# |
# |
|a Numerical simulation
|
| 653 |
# |
# |
|a One dimensional model
|
| 653 |
# |
# |
|a Saturated soil
|
| 653 |
# |
# |
|a Water pollution
|
| 700 |
# |
# |
|a Saiers, James E.
|
| 773 |
# |
# |
|t Environmental Science & Technology
|g Vol. 37, no. 12 (June 2003), p. 2780-2787
|
| 920 |
# |
# |
|a Phòng Tạp chí -- Trung tâm Thông tin - Thư viện Trường Đại học Đà Lạt
|
| 994 |
# |
# |
|a DLU
|
| 900 |
# |
# |
|a True
|
| 911 |
# |
# |
|a Trương Bảo Trâm Anh
|
| 925 |
# |
# |
|a G
|
| 926 |
# |
# |
|a A
|
| 927 |
# |
# |
|a BB
|
| 980 |
# |
# |
|a Thư viện Trường Đại học Đà Lạt
|